Město dělají lidé Sociologický pohled na regeneraci památkových rezervací a zón
Salvato in:
| Autore principale: | |
|---|---|
| Natura: | Libro |
| Lingua: | ceco |
| Pubblicazione: |
Praha
Výzkumný ústav výstavby a architektury
1994
|
| Edizione: | 1. vyd. |
| Soggetti: | |
| Tags: |
Nessun Tag, puoi essere il primo ad aggiungerne!!
|
MARC
| LEADER | 00000nam a2200000 4500 | ||
|---|---|---|---|
| 001 | c009418 | ||
| 005 | 20221205140806.6 | ||
| 020 | |a 80-85124-73-4 | ||
| 041 | 0 | |a cze | |
| 044 | |a CZ | ||
| 245 | 1 | 0 | |a Město dělají lidé |b Sociologický pohled na regeneraci památkových rezervací a zón |c Eliška Součková |
| 250 | |a 1. vyd. | ||
| 264 | 1 | |a Praha |b Výzkumný ústav výstavby a architektury |c 1994 | |
| 300 | |a 58 s. | ||
| 610 | 2 | 0 | |a mestá |
| 610 | 2 | 0 | |a pamiatky |
| 610 | 2 | 0 | |a Česko |
| 610 | 2 | 0 | |a prostredie životné |
| 610 | 2 | 0 | |a kultúra |
| 610 | 2 | 0 | |a politika hospodárska |
| 610 | 2 | 0 | |a bývanie |
| 610 | 2 | 0 | |a architektúra |
| 610 | 2 | 0 | |a výstavba bytová |
| 610 | 2 | 0 | |a urbanizmus |
| 100 | 1 | |a Součková, Eliška | |